000 00348pam a2200145 a 4500
020 _c
041 _h
082 _a005.3
_bDIX
100 _aColin Dix / Charis Baird.
245 _aFront Office Operations
_bFront Office Operations
_hTextual Documents
250 _a2006.
260 _a[s.l]:
_bpearson
300 _a218:
_bpaper.
930 _a2463
999 _c236253
_d236253